[Event "ISR-chT"]
[Site "Israel"]
[Date "1999.05.07"]
[Round "10"]
[White "Shrentzel, Mordechai"]
[Black "Rotman, Daniel"]
[Result "1/2-1/2"]
[WhiteElo "2333"]
[BlackElo "2340"]
[PlyCount "59"]
[EventDate "1999.01.??"]
[EventType "team"]
[EventRounds "11"]
[EventCountry "ISR"]
[SourceTitle "EXT 2000"]
[Source "ChessBase"]
[SourceDate "1999.11.16"]
[SourceVersion "1"]
[SourceVersionDate "1999.11.16"]
[SourceQuality "1"]

1. e4 c5 2. c3 e6 3. d4 d5 4. e5 Nc6 5. Nf3 Bd7 6. a3 f6 7. Bd3 fxe5 8. Nxe5 Nf6 9. Nd2 Bd6 10. Ndf3 cxd4 11. Nxd7 Qxd7 12. cxd4 0-0 13. 0-0 e5 14. dxe5 Nxe5 15. Be2 Kh8 16. Be3 a6 17. Rc1 Rae8 18. Bc5 Bxc5 19. Rxc5 Qd6 20. Rc2 Ne4 21. Nxe5 Qxe5 22. Bd3 Qd4 23. Bxe4 Qxe4 24. Rd2 Qe5 25. b4 Rf5 26. Rd3 Qe6 27. h3 h6 28. Qg4 Qf6 29. Qd4 Qf7 30. Re3 1/2-1/2

[Event "ISR-chT"]
[Site "Israel"]
[Date "1999.03.26"]
[Round "5"]
[White "Rotman, Daniel"]
[Black "Postny, Evgeny"]
[Result "0-1"]
[WhiteElo "2340"]
[BlackElo "2360"]
[PlyCount "86"]
[EventDate "1999.01.??"]
[EventType "team"]
[EventRounds "11"]
[EventCountry "ISR"]
[SourceTitle "EXT 2000"]
[Source "ChessBase"]
[SourceDate "1999.11.16"]
[SourceVersion "1"]
[SourceVersionDate "1999.11.16"]
[SourceQuality "1"]

1. e4 e5 2. Nf3 Nc6 3. Bb5 Nf6 4. 0-0 Nxe4 5. d4 Nd6 6. Bxc6 dxc6 7. dxe5 Nf5 8. Qxd8+ Kxd8 9. Nc3 Ke8 10. b3 a5 11. Bb2 Bb4 12. Ne2 a4 13. Bc3 Bc5 14. Nf4 Ne3 15. Nd3 Nd5 16. Bd2 Be7 17. Nd4 c5 18. c4 Nf4 19. Nb5 Nxd3 20. Nxc7+ Kd7 21. Nxa8 Kc6 22. Ba5 Bd8 23. Bc3 Bf5 24. Rad1 Be7 25. g4 Nf4 26. gxf5 Ne2+ 27. Kh1 Nxc3 28. Rd3 Nxa2 29. f6 gxf6 30. exf6 Bxf6 31. Nb6 a3 32. Nd5 Bb2 33. Rd2 Nb4 34. Nxb4+ cxb4 35. Rxb2 axb2 36. Rb1 Rd8 37. Rxb2 Rd3 38. Kg2 Kc5 39. Kf1 Kd4 40. Ke2 Kc3 41. Ra2 Kxb3 42. Ra7 Rd7 43. c5 Kc3 0-1

[Event "ISR-chT"]
[Site "Israel"]
[Date "1999.01.15"]
[Round "2"]
[White "Vovsha, Eli"]
[Black "Rotman, Daniel"]
[Result "0-1"]
[WhiteElo "2225"]
[BlackElo "2340"]
[PlyCount "94"]
[EventDate "1999.01.??"]
[EventType "team"]
[EventRounds "11"]
[EventCountry "ISR"]
[SourceTitle "EXT 2000"]
[Source "ChessBase"]
[SourceDate "1999.11.16"]
[SourceVersion "1"]
[SourceVersionDate "1999.11.16"]
[SourceQuality "1"]

1. d4 Nf6 2. Nf3 e6 3. c4 c5 4. d5 d6 5. Nc3 exd5 6. cxd5 g6 7. e4 Bg7 8. Be2 0-0 9. 0-0 a6 10. a4 Bg4 11. Qc2 Nbd7 12. Bg5 Qc7 13. h3 Bxf3 14. Bxf3 Rfe8 15. Be2 c4 16. Rfe1 Rac8 17. Rac1 Ne5 18. f4 Nd3 19. Bxd3 cxd3 20. Qxd3 Qb6+ 21. Kh2 Qxb2 22. e5 dxe5 23. fxe5 Nd7 24. e6 Ne5 25. exf7+ Nxf7 26. d6 Rxe1 27. Rxe1 Nxd6 28. Qxd6 Qxc3 29. Re3 Qc7 30. Bf4 Qxd6 31. Bxd6 Bf6 32. Rb3 Rd8 33. Bf4 Rd7 34. Kg3 Kf7 35. Kf3 Re7 36. Bd6 Rd7 37. Bc5 Bd8 38. g4 Ke6 39. Bf2 Kd5 40. Bb6 Kc4 41. Rb1 Rd3+ 42. Kf4 Bxb6 43. Rxb6 Rb3 44. Re6 Rxh3 45. a5 Kb4 46. Rb6+ Kxa5 47. Rxb7 Ka4 0-1

[Event "ISR-chT"]
[Site "Israel"]
[Date "1999.01.08"]
[Round "1"]
[White "Rotman, Daniel"]
[Black "Tseitlin, Mark D"]
[Result "1-0"]
[WhiteElo "2340"]
[BlackElo "2480"]
[PlyCount "83"]
[EventDate "1999.01.??"]
[EventType "team"]
[EventRounds "11"]
[EventCountry "ISR"]
[SourceTitle "EXT 2000"]
[Source "ChessBase"]
[SourceDate "1999.11.16"]
[SourceVersion "1"]
[SourceVersionDate "1999.11.16"]
[SourceQuality "1"]

1. e4 d6 2. d4 g6 3. Nf3 Nf6 4. Nc3 Bg7 5. Be2 0-0 6. 0-0 a6 7. e5 Ne8 8. Bg5 f6 9. exf6 exf6 10. Bf4 d5 11. Re1 c6 12. Bg3 Nd6 13. h3 Nf5 14. Bh2 a5 15. Na4 b5 16. Nc5 Na6 17. a4 Qb6 18. axb5 cxb5 19. Qd2 Nxc5 20. dxc5 Qxc5 21. b4 Qc6 22. bxa5 Qc5 23. Bd3 Bd7 24. Reb1 Rfc8 25. Qb4 Qa7 26. Qb3 Rc5 27. g4 Nh6 28. Bd6 f5 29. g5 Bxa1 30. Rxa1 Nf7 31. Bxc5 Qxc5 32. Qb2 Qc7 33. Qd4 Qd6 34. h4 Ra6 35. Kg2 f4 36. c3 Qe6 37. Qxf4 Qh3+ 38. Kg1 Bg4 39. Nh2 Qxd3 40. Nxg4 Qxc3 41. Rc1 Qxa5 42. Nh6+ 1-0

[Event "Petah Tikva 3th"]
[Site "Petah Tikva"]
[Date "1997.10.08"]
[Round "8"]
[White "Tsesarsky, Ilya"]
[Black "Rotman, Daniel"]
[Result "1-0"]
[WhiteElo "2445"]
[BlackElo "2365"]
[PlyCount "109"]
[EventDate "1997.10.??"]
[EventType "swiss"]
[EventRounds "10"]
[EventCountry "ISR"]
[SourceTitle "CBM 061"]
[Source "ChessBase"]
[SourceDate "1997.11.23"]
[SourceVersion "1"]
[SourceVersionDate "1997.11.23"]
[SourceQuality "1"]

1. Nf3 Nf6 2. c4 c5 3. Nc3 e6 4. g3 Nc6 5. Bg2 Be7 6. 0-0 0-0 7. d4 d5 8. cxd5 Nxd5 9. e4 Ndb4 10. dxc5 Bxc5 11. a3 Nd3 12. Qe2 b6 13. b4 Bd4 14. Bg5 f6 15. Nxd4 Qxd4 16. Nb5 Qe5 17. Qxd3 Ba6 18. Bf4 Qxb5 19. Qd6 e5 20. Be3 Rad8 21. Qe6+ Kh8 22. a4 Qc4 23. Qxc4 Bxc4 24. Rfc1 b5 25. axb5 Bxb5 26. Bxa7 Nxb4 27. Bb6 Rb8 28. Bc7 Nd3 29. Rc3 Rb7 30. Bd6 Re8 31. Bf1 Nb4 32. Bh3 Nc6 33. Kg2 Nd4 34. f4 exf4 35. gxf4 Bc6 36. Re1 Bxe4+ 37. Kg3 f5 38. Be5 Ne6 39. Rxe4 fxe4 40. Bxe6 h6 41. Bd5 Rbe7 42. Bxe4 Kg8 43. Bd5+ Kh7 44. Be4+ Kg8 45. Bg6 Ra8 46. h4 Rea7 47. Be4 Rd7 48. Kg4 Rad8 49. Rc6 Kf7 50. Kh5 Kg8 51. Bf5 Re7 52. Kg6 Rde8 53. Rd6 Rb8 54. Be6+ Kf8 55. Ra6 1-0

[Event "Smith & Williamson YM 6th"]
[Site "Witley"]
[Date "1996.??.??"]
[Round "10"]
[White "Bates, Richard"]
[Black "Rotman, Daniel"]
[Result "0-1"]
[WhiteElo "2315"]
[BlackElo "2345"]
[PlyCount "78"]
[EventDate "1996.??.??"]
[EventType "tourn"]
[EventRounds "11"]
[EventCountry "ENG"]
[EventCategory "5"]
[SourceTitle "EXT 1998"]
[Source "ChessBase"]
[SourceDate "1997.11.17"]
[SourceVersion "1"]
[SourceVersionDate "1997.11.17"]
[SourceQuality "1"]

1. d4 d5 2. c4 c6 3. Nf3 Nf6 4. e3 e6 5. Bd3 dxc4 6. Bxc4 b5 7. Bd3 a6 8. 0-0 Bb7 9. Qe2 Nbd7 10. a4 Be7 11. e4 bxa4 12. Nc3 c5 13. d5 exd5 14. e5 Ne4 15. Nxe4 dxe4 16. Bxe4 Bxe4 17. Qxe4 0-0 18. Rd1 Qc7 19. e6 Nb6 20. exf7+ Rxf7 21. Ne5 Rf6 22. Ng4 Rff8 23. Ra3 Rad8 24. Re1 Rd4 25. Qe6+ Kh8 26. Ne5 Bf6 27. Nf7+ Kg8 28. Ng5+ Kh8 29. Rf3 Qd7 30. Qxb6 Rd1 31. Qa5 Re8 32. Rfe3 Bd8 33. Rxe8+ Qxe8 34. Rxd1 Bxa5 35. Be3 h6 36. Nf3 Qb5 37. h4 Qxb2 38. Bxc5 a3 39. h5 a2 0-1

[Event "Metz op 14th"]
[Site "Metz"]
[Date "1996.??.??"]
[Round "?"]
[White "Becq, Alain"]
[Black "Rotman, Daniel"]
[Result "0-1"]
[WhiteElo "1960"]
[BlackElo "2305"]
[PlyCount "74"]
[EventDate "1996.04.??"]
[EventType "swiss"]
[EventRounds "9"]
[EventCountry "FRA"]
[SourceTitle "EXT 1998"]
[Source "ChessBase"]
[SourceDate "1997.11.17"]
[SourceVersion "1"]
[SourceVersionDate "1997.11.17"]
[SourceQuality "1"]

1. d4 d5 2. c4 c6 3. Nc3 Nf6 4. e3 e6 5. Nf3 Nbd7 6. Bd3 dxc4 7. Bxc4 b5 8. Bd3 Bb7 9. 0-0 b4 10. Ne4 Be7 11. Nxf6+ Nxf6 12. Bd2 0-0 13. Qb3 Qb6 14. Rac1 a5 15. a3 a4 16. Qc2 b3 17. Qd1 Rfd8 18. Bc3 Ba6 19. Bxa6 Qxa6 20. Ne5 Nd5 21. Qh5 g6 22. Qf3 f6 23. Ng4 h5 24. e4 Nxc3 25. Nxf6+ Bxf6 26. Qxf6 Ne2+ 27. Kh1 Kh7 28. Qe7+ Kh6 29. g4 Qb5 30. d5 Rxd5 31. exd5 Qxd5+ 32. f3 Nxc1 33. g5+ Qxg5 34. Qxg5+ Kxg5 35. Rxc1 Rd8 36. Rxc6 Rd2 37. Rc5+ Kh4 0-1

[Event "ISR-ch"]
[Site "Jerusalem"]
[Date "1996.??.??"]
[Round "5"]
[White "Birnboim, Nathan"]
[Black "Rotman, Daniel"]
[Result "1-0"]
[WhiteElo "2385"]
[BlackElo "2345"]
[PlyCount "83"]
[EventDate "1996.10.26"]
[EventType "swiss"]
[EventRounds "9"]
[EventCountry "ISR"]
[SourceTitle "CBM 056"]
[Source "ChessBase"]
[SourceDate "1997.02.01"]
[SourceVersion "1"]
[SourceVersionDate "1997.02.01"]
[SourceQuality "1"]

1. e4 c5 2. b3 b6 3. Bb2 Bb7 4. Nc3 e6 5. Nf3 d6 6. d4 Be7 7. Bb5+ Nd7 8. dxc5 bxc5 9. Qd3 Qc7 10. 0-0-0 0-0-0 11. Bxd7+ Qxd7 12. Nb5 Bc6 13. Nxd6+ Bxd6 14. Qxd6 Qxd6 15. Rxd6 Rxd6 16. Bxg7 Bxe4 17. Nd2 Bxg2 18. Rg1 Bd5 19. Bxh8 Ne7 20. Rg7 Ng6 21. Rxh7 e5 22. Bg7 f5 23. h4 e4 24. h5 Nh4 25. Bf8 Rd7 26. Rxd7 Kxd7 27. Bxc5 a6 28. Be3 Ng2 29. h6 Bg8 30. Bg5 Ke6 31. Kd1 Bh7 32. Ke2 f4 33. f3 exf3+ 34. Nxf3 Kf5 35. c4 Kg4 36. c5 Ne3 37. c6 Nd5 38. Bd8 Nc3+ 39. Ke1 Nd5 40. Ng5 Kg3 41. Nxh7 f3 42. Bg5 1-0

[Event "ISR-ch"]
[Site "Jerusalem"]
[Date "1996.??.??"]
[Round "1"]
[White "Finkel, Alexander"]
[Black "Rotman, Daniel"]
[Result "1-0"]
[WhiteElo "2505"]
[BlackElo "2345"]
[PlyCount "87"]
[EventDate "1996.10.26"]
[EventType "swiss"]
[EventRounds "9"]
[EventCountry "ISR"]
[SourceTitle "CBM 056"]
[Source "ChessBase"]
[SourceDate "1997.02.01"]
[SourceVersion "1"]
[SourceVersionDate "1997.02.01"]
[SourceQuality "1"]

1. e4 c5 2. c3 d5 3. exd5 Qxd5 4. d4 Nc6 5. Nf3 Bg4 6. Be2 cxd4 7. cxd4 e6 8. h3 Bh5 9. Nc3 Qa5 10. d5 exd5 11. Nd4 Bxe2 12. Qxe2+ Be7 13. Nxc6 bxc6 14. 0-0 Kf8 15. a3 Re8 16. Qd3 Bf6 17. Bd2 g6 18. b4 Qd8 19. Rad1 Kg7 20. b5 Ne7 21. bxc6 d4 22. Qf3 Nxc6 23. Qxc6 Re6 24. Qb7 dxc3 25. Bh6+ Kxh6 26. Rxd8 Rxd8 27. Qxf7 Rc6 28. Rc1 c2 29. Rxc2 Rd1+ 30. Kh2 Be5+ 31. f4 Rxc2 32. fxe5 Rdd2 33. Qf8+ Kh5 34. Qf3+ Kg5 35. h4+ Kh6 36. Qe3+ Kg7 37. Qxa7+ Kh6 38. Qe3+ Kg7 39. Qf3 Ra2 40. Kh3 Rf2 41. Qc3 Rfc2 42. Qd4 Rxa3+ 43. g3 Raa2 44. e6+ 1-0

[Event "Metz op 14th"]
[Site "Metz"]
[Date "1996.??.??"]
[Round "?"]
[White "Forthofer, Robert"]
[Black "Rotman, Daniel"]
[Result "0-1"]
[WhiteElo "1840"]
[BlackElo "2305"]
[PlyCount "68"]
[EventDate "1996.04.??"]
[EventType "swiss"]
[EventRounds "9"]
[EventCountry "FRA"]
[SourceTitle "EXT 1998"]
[Source "ChessBase"]
[SourceDate "1997.11.17"]
[SourceVersion "1"]
[SourceVersionDate "1997.11.17"]
[SourceQuality "1"]

1. e4 c5 2. Nf3 e6 3. d4 cxd4 4. Nxd4 a6 5. Nc3 Qc7 6. f4 b5 7. Bd3 Bb7 8. Qf3 Nf6 9. Be3 Nc6 10. Nxc6 Qxc6 11. e5 Qxf3 12. gxf3 Ng4 13. Ke2 Nxe3 14. Kxe3 f5 15. exf6 gxf6 16. f5 Bc5+ 17. Ke2 Rg8 18. Ne4 Bxe4 19. fxe4 Rg2+ 20. Kf3 Rf2+ 21. Kg3 Kf7 22. Raf1 Rg8+ 23. Kh3 Rfg2 24. Rf3 Bd6 25. Re3 Bf4 26. Re2 R2g5 27. Kh4 Kg7 28. Rf2 Kh6 29. Be2 Be3 30. Rff1 Rg2 31. Bd3 e5 32. Kh3 Bf4 33. Ra1 Kh5 34. Rae1 Rxh2+ 0-1

[Event "Geneve op"]
[Site "Geneve"]
[Date "1996.??.??"]
[Round "2"]
[White "Godena, Michele"]
[Black "Rotman, Daniel"]
[Result "1-0"]
[WhiteElo "2485"]
[BlackElo "2305"]
[PlyCount "49"]
[EventDate "1996.01.??"]
[EventType "swiss"]
[EventRounds "9"]
[EventCountry "SUI"]
[SourceTitle "CBM 051 Extra"]
[Source "ChessBase"]
[SourceDate "1996.05.01"]
[SourceVersion "1"]
[SourceVersionDate "1996.05.01"]
[SourceQuality "1"]

1. e4 c5 2. c3 d5 3. exd5 Qxd5 4. d4 Nc6 5. Nf3 Bg4 6. Be2 cxd4 7. cxd4 e6 8. Nc3 Qa5 9. h3 Bh5 10. 0-0 Nf6 11. Be3 Be7 12. Qb3 Qb4 13. Qxb4 Nxb4 14. Bb5+ Kf8 15. g4 Bg6 16. Ne5 Bd6 17. h4 h5 18. Nxg6+ fxg6 19. g5 Nfd5 20. Ne4 Bf4 21. Rac1 a6 22. Bc4 Ke7 23. Bxd5 Bxe3 24. Rc7+ Kd8 25. Rxb7 1-0

[Event "Petah Tikva"]
[Site "Petah Tikva"]
[Date "1996.??.??"]
[Round "6"]
[White "Peker, Oleg"]
[Black "Rotman, Daniel"]
[Result "1/2-1/2"]
[WhiteElo "2365"]
[BlackElo "2345"]
[PlyCount "69"]
[EventDate "1996.09.30"]
[EventType "tourn"]
[EventRounds "11"]
[EventCountry "ISR"]
[EventCategory "4"]
[SourceTitle "CBM 055 Extra"]
[Source "ChessBase"]
[SourceDate "1997.01.01"]
[SourceVersion "1"]
[SourceVersionDate "1997.01.01"]
[SourceQuality "1"]

1. d4 d5 2. c4 c6 3. Nf3 Nf6 4. Qc2 dxc4 5. Qxc4 Bf5 6. g3 e6 7. Bg2 Nbd7 8. 0-0 Nb6 9. Qb3 Qd5 10. Nbd2 Be7 11. a4 Qxb3 12. Nxb3 Be4 13. a5 Nbd5 14. Nbd2 a6 15. Nxe4 Nxe4 16. Ne5 Nd6 17. Bd2 Nb5 18. e3 0-0 19. Rfc1 Rad8 20. Nd3 g6 21. Nc5 Bxc5 22. Rxc5 f5 23. Re1 Rf7 24. Bf1 Nf6 25. f3 Nc7 26. Rc3 Kg7 27. Rb3 Nb5 28. Bb4 Nd6 29. Bc5 g5 30. Bxd6 Rxd6 31. Bc4 Re7 32. Rd3 Nd5 33. e4 fxe4 34. fxe4 Nc7 35. e5 1/2-1/2

[Event "Smith & Williamson YM 6th"]
[Site "Witley"]
[Date "1996.??.??"]
[Round "2"]
[White "Rotman, Daniel"]
[Black "Hunt, Harriet"]
[Result "1-0"]
[WhiteElo "2345"]
[BlackElo "2315"]
[PlyCount "91"]
[EventDate "1996.??.??"]
[EventType "tourn"]
[EventRounds "11"]
[EventCountry "ENG"]
[EventCategory "5"]
[SourceTitle "EXT 1998"]
[Source "ChessBase"]
[SourceDate "1997.11.17"]
[SourceVersion "1"]
[SourceVersionDate "1997.11.17"]
[SourceQuality "1"]

1. e4 c6 2. d4 d5 3. Nc3 dxe4 4. Nxe4 Bf5 5. Ng3 Bg6 6. h4 h6 7. Nf3 Nd7 8. h5 Bh7 9. Bd3 Bxd3 10. Qxd3 e6 11. Bf4 Qa5+ 12. Bd2 Qc7 13. 0-0-0 Ngf6 14. Ne4 0-0-0 15. g3 Nxe4 16. Qxe4 Bd6 17. c4 c5 18. Bc3 Nf6 19. Qe2 Qc6 20. d5 Qa6 21. Bxf6 gxf6 22. Kb1 Bc7 23. Qc2 Rhe8 24. Rhe1 Kb8 25. Re3 Re7 26. Ra3 Qb6 27. Rb3 Qa6 28. Ra3 Qb6 29. Rad3 Red7 30. Qc3 exd5 31. cxd5 a6 32. Qc4 Qd6 33. Qg4 Re7 34. Nh4 Re5 35. Nf5 Qd7 36. d6 Bb6 37. Nxh6 c4 38. Qxd7 Rxd7 39. Rd5 Bxf2 40. Ng4 Rxd5 41. Rxd5 Bxg3 42. Nxf6 Rxd6 43. Rxd6 Bxd6 44. h6 Be7 45. Nd7+ Kc7 46. h7 1-0

[Event "Metz op 14th"]
[Site "Metz"]
[Date "1996.??.??"]
[Round "?"]
[White "Rotman, Daniel"]
[Black "Mertens, Marc"]
[Result "1/2-1/2"]
[WhiteElo "2305"]
[BlackElo "2120"]
[PlyCount "59"]
[EventDate "1996.04.??"]
[EventType "swiss"]
[EventRounds "9"]
[EventCountry "FRA"]
[SourceTitle "EXT 1998"]
[Source "ChessBase"]
[SourceDate "1997.11.17"]
[SourceVersion "1"]
[SourceVersionDate "1997.11.17"]
[SourceQuality "1"]

1. e4 c5 2. Nf3 d6 3. d4 cxd4 4. Nxd4 Nf6 5. Nc3 a6 6. Be2 e5 7. Nb3 Be7 8. 0-0 0-0 9. Kh1 Be6 10. f4 exf4 11. Bxf4 Nc6 12. Qe1 Ne5 13. Nd4 Rc8 14. Nf5 Bxf5 15. exf5 Qb6 16. Rb1 Rfe8 17. Qg3 Bf8 18. Bg5 Ned7 19. Bf3 Qc7 20. Nd5 Nxd5 21. Bxd5 Re5 22. Bb3 Nc5 23. c3 Ne4 24. Qg4 Nxg5 25. Qxg5 Be7 26. Qd2 Qc5 27. Rbe1 Bf6 28. Rxe5 Qxe5 29. Bd5 Re8 30. c4 1/2-1/2

[Event "Metz op 14th"]
[Site "Metz"]
[Date "1996.??.??"]
[Round "?"]
[White "Rotman, Daniel"]
[Black "Sutovsky, Emil"]
[Result "1/2-1/2"]
[WhiteElo "2305"]
[BlackElo "2545"]
[PlyCount "69"]
[EventDate "1996.04.??"]
[EventType "swiss"]
[EventRounds "9"]
[EventCountry "FRA"]
[SourceTitle "EXT 1998"]
[Source "ChessBase"]
[SourceDate "1997.11.17"]
[SourceVersion "1"]
[SourceVersionDate "1997.11.17"]
[SourceQuality "1"]

1. e4 c5 2. Nf3 Nc6 3. Nc3 e5 4. Bc4 Be7 5. d3 Nf6 6. Nd2 d6 7. Nf1 Bg4 8. f3 Be6 9. Ne3 0-0 10. 0-0 a6 11. a3 b5 12. Ba2 Nd7 13. Ncd5 Bg5 14. g3 Bxe3+ 15. Bxe3 Nb6 16. Nxb6 Qxb6 17. Bxe6 fxe6 18. b4 Ne7 19. Qd2 Rac8 20. bxc5 dxc5 21. Qc3 Qd6 22. a4 c4 23. axb5 axb5 24. Ra5 Rfd8 25. Rxb5 cxd3 26. Qxd3 Qxd3 27. cxd3 Rxd3 28. Bg5 Ng6 29. h4 h6 30. h5 Nh8 31. Be7 Nf7 32. Kg2 Rc7 33. Bh4 Kh7 34. Rf2 Rd1 35. Ra5 1/2-1/2

[Event "Smith & Williamson YM 6th"]
[Site "Witley"]
[Date "1996.??.??"]
[Round "4"]
[White "Rotman, Daniel"]
[Black "Sylvan, Jacob"]
[Result "1/2-1/2"]
[WhiteElo "2345"]
[BlackElo "2285"]
[PlyCount "59"]
[EventDate "1996.??.??"]
[EventType "tourn"]
[EventRounds "11"]
[EventCountry "ENG"]
[EventCategory "5"]
[SourceTitle "EXT 1998"]
[Source "ChessBase"]
[SourceDate "1997.11.17"]
[SourceVersion "1"]
[SourceVersionDate "1997.11.17"]
[SourceQuality "1"]

1. e4 e5 2. Nf3 Nc6 3. Bb5 f5 4. Bxc6 dxc6 5. Nc3 Nf6 6. Qe2 fxe4 7. Nxe4 Bg4 8. h3 Bxf3 9. Qxf3 Be7 10. d3 0-0 11. Nxf6+ Bxf6 12. Qe4 Qd5 13. Be3 Rad8 14. f3 Rd7 15. a3 a6 16. 0-0 Rfd8 17. Rfe1 Re7 18. Qb4 b6 19. Qe4 Rde8 20. Re2 Qd6 21. Qc4+ Kh8 22. Qxa6 e4 23. fxe4 Bxb2 24. Rf1 Bxa3 25. Ref2 h6 26. Qc4 Rd7 27. Rf7 Rxf7 28. Qxf7 Ra8 29. Kh1 Bb2 30. Bf4 1/2-1/2

[Event "Budapest FS08 IM-A"]
[Site "Budapest"]
[Date "1995.??.??"]
[Round "1"]
[White "Hedman, Erik"]
[Black "Rotman, Daniel"]
[Result "1/2-1/2"]
[WhiteElo "2320"]
[BlackElo "2235"]
[PlyCount "116"]
[EventDate "1995.08.??"]
[EventType "tourn"]
[EventRounds "13"]
[EventCountry "HUN"]
[EventCategory "3"]
[SourceTitle "EXT 1997"]
[Source "ChessBase"]
[SourceDate "1996.11.15"]
[SourceVersion "1"]
[SourceVersionDate "1996.11.15"]
[SourceQuality "1"]

1. d4 d5 2. c4 c6 3. Nc3 Nf6 4. e3 e6 5. Nf3 Nbd7 6. Bd3 dxc4 7. Bxc4 b5 8. Bd3 Bb7 9. 0-0 b4 10. Na4 c5 11. dxc5 Bxc5 12. Nxc5 Nxc5 13. Bb5+ Ke7 14. Qe2 Qb6 15. Rd1 Rhc8 16. Nd4 Nce4 17. a3 a5 18. axb4 axb4 19. Bd2 Nd5 20. Rac1 Kf8 21. Be1 Kg8 22. Bd3 Nd6 23. Nb5 Nxb5 24. Bxb5 h6 25. h3 Rxc1 26. Rxc1 Ra5 27. Bd3 Rc5 28. Rxc5 Qxc5 29. Qd2 b3 30. Qa5 Qxa5 31. Bxa5 Nf6 32. f3 Nd7 33. e4 Nc5 34. Bb5 f5 35. Bb6 Ba6 36. Bxa6 Nxa6 37. exf5 exf5 38. Kf2 Nb4 39. Ke2 Nd5 40. Be3 Kf7 41. Kd3 Ke6 42. Bd2 Ke5 43. Kc4 g5 44. Kxb3 Kd4 45. Kc2 f4 46. Bc3+ Ke3 47. Bg7 h5 48. Bh6 Kf2 49. Bxg5 Kxg2 50. Kd3 Kxf3 51. Kd4 Ne3 52. Ke5 Nc4+ 53. Kf5 Nxb2 54. Bxf4 Nd3 55. Bd6 Kg2 56. h4 Ne1 57. Kg5 Nf3+ 58. Kxh5 Nxh4 1/2-1/2

[Event "Budapest FS08 IM-A"]
[Site "Budapest"]
[Date "1995.??.??"]
[Round "5"]
[White "Madl, Ildiko"]
[Black "Rotman, Daniel"]
[Result "0-1"]
[WhiteElo "2370"]
[BlackElo "2235"]
[PlyCount "72"]
[EventDate "1995.08.??"]
[EventType "tourn"]
[EventRounds "13"]
[EventCountry "HUN"]
[EventCategory "3"]
[SourceTitle "EXT 1997"]
[Source "ChessBase"]
[SourceDate "1996.11.15"]
[SourceVersion "1"]
[SourceVersionDate "1996.11.15"]
[SourceQuality "1"]

1. e4 c5 2. Nf3 d6 3. d4 cxd4 4. Nxd4 Nf6 5. Nc3 Nc6 6. Bg5 e6 7. Bb5 Qb6 8. Nb3 a6 9. Be2 Qc7 10. 0-0 Be7 11. f4 b5 12. Bf3 Bb7 13. Qe1 b4 14. Na4 h6 15. Bh4 g5 16. fxg5 hxg5 17. Bg3 Ne5 18. Qxb4 g4 19. Be2 Nxe4 20. Bxe5 dxe5 21. Qb6 Qxb6+ 22. Nxb6 Bg5 23. Nc4 Bf4 24. g3 Nxg3 25. hxg3 Rh1+ 26. Kf2 Rh2+ 27. Ke1 Bxg3+ 28. Kd1 Rd8+ 29. Nbd2 Bf4 30. Bd3 Bxd2 31. Nxe5 Bg5 32. Nxf7 Bf3+ 33. Rxf3 gxf3 34. Nxg5 Rh1+ 35. Kd2 Rxa1 36. Nxe6 Rxd3+ 0-1

[Event "ISR-ch"]
[Site "Tel Aviv"]
[Date "1994.??.??"]
[Round "8"]
[White "Gershon, Alik"]
[Black "Rotman, Daniel"]
[Result "1/2-1/2"]
[WhiteElo "2355"]
[BlackElo "2240"]
[PlyCount "64"]
[EventDate "1994.10.??"]
[EventType "swiss"]
[EventRounds "11"]
[EventCountry "ISR"]
[SourceTitle "EXT 1997"]
[Source "ChessBase"]
[SourceDate "1996.11.15"]
[SourceVersion "1"]
[SourceVersionDate "1996.11.15"]
[SourceQuality "1"]

1. d3 e5 2. c4 g6 3. Nc3 Bg7 4. g3 d6 5. Bg2 Nc6 6. e3 Nge7 7. Nge2 0-0 8. Rb1 a5 9. a3 Bg4 10. h3 Be6 11. Nd5 Qd7 12. b4 axb4 13. axb4 Nd8 14. h4 Nc8 15. Qb3 c6 16. Ndc3 b5 17. Nxb5 d5 18. cxd5 cxd5 19. Nbc3 Nb6 20. d4 Nc6 21. b5 Na5 22. Qb4 Rfc8 23. 0-0 Bf8 24. Qb2 Nac4 25. Qb3 e4 26. Nf4 Na5 27. Qc2 Qc7 28. Nxe6 fxe6 29. Bd2 Nac4 30. Rb3 Na5 31. Rbb1 Nac4 32. Rb3 Na5 1/2-1/2

[Event "Lloyds Bank op 18th"]
[Site "London"]
[Date "1994.??.??"]
[Round "7"]
[White "Kataev, Simcho"]
[Black "Rotman, Daniel"]
[Result "0-1"]
[WhiteElo "2385"]
[BlackElo "2240"]
[PlyCount "122"]
[EventDate "1994.08.??"]
[EventType "swiss"]
[EventRounds "10"]
[EventCountry "ENG"]
[SourceTitle "EXT 2000"]
[Source "ChessBase"]
[SourceDate "1999.11.16"]
[SourceVersion "1"]
[SourceVersionDate "1999.11.16"]
[SourceQuality "1"]

1. d4 d5 2. Nf3 c6 3. c4 Nf6 4. Qb3 dxc4 5. Qxc4 Bf5 6. Nc3 Nbd7 7. g3 e6 8. Bg2 Be7 9. 0-0 0-0 10. h3 h6 11. Rd1 Bc2 12. a4 Bxd1 13. Nxd1 c5 14. dxc5 Nxc5 15. Nc3 Rc8 16. Be3 Nce4 17. Qb3 Bc5 18. Nxe4 Nxe4 19. Qxb7 Nd6 20. Qb3 Rb8 21. Qd3 Bxe3 22. Qxe3 Qb6 23. Qf4 Qxb2 24. Rd1 Nf5 25. g4 Rb4 26. Qd2 Qxd2 27. Rxd2 Ne7 28. Rd7 Nc8 29. a5 Ra4 30. Ne5 Rxa5 31. Nc6 Ra1+ 32. Kh2 a5 33. Rb7 Nd6 34. Ra7 a4 35. Ra6 Nc4 36. Be4 Re8 37. f4 a3 38. Bd3 Ne3 39. Ra7 Nd5 40. f5 exf5 41. Bc4 f4 42. Nd4 Ne7 43. Nc2 Rc1 44. Nxa3 Rxc4 45. Nxc4 Nd5 46. Kg2 Rxe2+ 47. Kf3 Rh2 48. Ke4 Ne3 49. Ne5 Rxh3 50. Kxf4 Nd5+ 51. Ke4 Nf6+ 52. Kf4 Rh1 53. Ra8+ Kh7 54. Rf8 Rf1+ 55. Kg3 Ne4+ 56. Kg2 Rf2+ 57. Kg1 Rf4 58. Rxf7 Rxf7 59. Nxf7 Kg6 60. Nd8 Nf6 61. Kg2 Nxg4 0-1

[Event "ISR-ch"]
[Site "Tel Aviv"]
[Date "1994.??.??"]
[Round "3"]
[White "Rotman, Daniel"]
[Black "Finkel, Alexander"]
[Result "1/2-1/2"]
[WhiteElo "2240"]
[BlackElo "2465"]
[PlyCount "72"]
[EventDate "1994.10.??"]
[EventType "swiss"]
[EventRounds "11"]
[EventCountry "ISR"]
[SourceTitle "EXT 1997"]
[Source "ChessBase"]
[SourceDate "1996.11.15"]
[SourceVersion "1"]
[SourceVersionDate "1996.11.15"]
[SourceQuality "1"]

1. e4 g6 2. d4 Bg7 3. Nf3 d6 4. Be2 Nf6 5. Nc3 0-0 6. 0-0 Nc6 7. Be3 Bg4 8. Qd2 Re8 9. Rad1 Bxf3 10. Bxf3 e5 11. dxe5 Rxe5 12. Bf4 Re6 13. Rfe1 Ne5 14. Be2 c6 15. f3 Qf8 16. Bf1 b5 17. b3 a6 18. Ne2 d5 19. Nd4 Ree8 20. exd5 Nxd5 21. Bxe5 Bxe5 22. Nxc6 Qc5+ 23. Kh1 Nc3 24. Rxe5 Rxe5 25. Nxe5 Nxd1 26. Nd3 Qa3 27. Qxd1 Qxa2 28. Ne5 Rf8 29. c4 Qb2 30. f4 Qc3 31. cxb5 axb5 32. Bxb5 Ra8 33. Ba4 Qe3 34. h3 Qxf4 35. Qf3 Rxa4 36. bxa4 Qxe5 1/2-1/2